| 000 | 00595cam6a220021700 4500 | ||
|---|---|---|---|
| 001 | zam00002915 | ||
| 008 | 951128s1968 xx eng u | ||
| 035 | _a(Sirsi) r20252 | ||
| 035 | _a(MACHINE)SLC. | ||
| 100 | 1 |
_aNicholas, Alec. _6A81532.1 |
|
| 245 | 1 | 0 | _aWeimar and the rise of Hitler. |
| 260 | _c1968. | ||
| 949 |
_aDD247.H5 _wlcc _mMAIN _tBOOK _lON-SHELF |
||
| 004 | 20252 | ||
| 591 | _aClass code: H 320. | ||
| 591 | _aCourse: History of Europe from 1789. | ||
| 591 | _aSchool: S05. | ||
| 591 | _aLecturer: Dr. CHONDOKA, Y.A. | ||
| 591 | _aNumber of Students: 88. | ||
| 909 | _aBook | ||
| 999 |
_c8434 _d8434 |
||